Improving the efficiency of zinc phosphide bait using potassium tartrate against rodents (Record no. 59703)
[ view plain ]
| 000 -LEADER | |
|---|---|
| fixed length control field | 01790cab a2200289Ia 45 0 |
| 001 - CONTROL NUMBER | |
| control field | u210447 |
| 003 - CONTROL NUMBER IDENTIFIER | |
| control field | SIRSI |
| 008 - FIXED-LENGTH DATA ELEMENTS--GENERAL INFORMATION | |
| fixed length control field | 120530s2014 ua ss b eng d |
| 040 ## - CATALOGING SOURCE | |
| Original cataloging agency | EAL |
| 041 ## - LANGUAGE CODE | |
| Language code of text/sound track or separate title | eng |
| Language code of summary or abstract | ara |
| 090 ## - LOCALLY ASSIGNED LC-TYPE CALL NUMBER (OCLC); LOCAL CALL NUMBER (RLIN) | |
| Classification number (OCLC) (R) ; Classification number, CALL (RLIN) (NR) | ART MJAR V39 No5 12 |
| 100 1# - MAIN ENTRY--PERSONAL NAME | |
| Personal name | Elgohary, Fatma M. |
| 240 10 - UNIFORM TITLE | |
| Uniform title | Minufiya journal of agricultural research, 2014 v. 39 (5) |
| Medium | [electronic resource]. |
| 245 10 - TITLE STATEMENT | |
| Title | Improving the efficiency of zinc phosphide bait using potassium tartrate against rodents |
| Medium | [electronic resource]. |
| 246 15 - VARYING FORM OF TITLE | |
| Title proper/short title | تحسين كفاءة طعم فوسفيد الزنك باستخدام طرطرات البوتاسيوم ضد القوارض. |
| 300 ## - PHYSICAL DESCRIPTION | |
| Extent | p.1705-1709. |
| 504 ## - BIBLIOGRAPHY, ETC. NOTE | |
| Bibliography, etc. note | Includes references. |
| 520 ## - SUMMARY, ETC. | |
| Summary, etc. | Laboratory and field trials were conducted to increase the efficiency of zinc phosphide bait against rats using potassium tartrate. Potassium tartrate was tested alone and mixed with zinc phosphide bait using non choice feeding methods against black rats, Rattus rattus. Laboratory results indicated that potassium tartrate at rate 8% when added to 1. 5% zinc phosphide bait enhanced the mortality from 60 to 80%. The field performance was in harmony with laboratory results as potassium tartrate enhanced the population reduction of Norwey rat from 28. 1 to 70.5% when added potassium tartrate. Also, the consumed amount at bait increase to 27. 7g/Fadden comparing with 20g only for zinc phosphide bait alone. |
| 546 ## - LANGUAGE NOTE | |
| Language note | Summary in Arabic. |
| 596 ## - | |
| -- | 1 |
| 650 #0 - SUBJECT ADDED ENTRY--TOPICAL TERM | |
| Topical term or geographic name entry element | Rodents |
| General subdivision | Control. |
| 650 #0 - SUBJECT ADDED ENTRY--TOPICAL TERM | |
| Topical term or geographic name entry element | Potassium. |
| 650 #3 - SUBJECT ADDED ENTRY--TOPICAL TERM | |
| Topical term or geographic name entry element | zinc phosphide. |
| 700 1# - ADDED ENTRY--PERSONAL NAME | |
| Personal name | Abdelhady, Eman A. |
| 773 0# - HOST ITEM ENTRY | |
| Title | Minufiya Journal of Agricultural Research. |
| Related parts | 2014. v.39(5) |
| International Standard Serial Number | 1110-0265 |
| Control subfield | nnas |
| Record control number | u158151 |
| 856 40 - ELECTRONIC LOCATION AND ACCESS | |
| Uniform Resource Identifier | <a href="http://nile.enal.sci.eg/EALE/2014/MJAR/3914/5/1705.pdf">http://nile.enal.sci.eg/EALE/2014/MJAR/3914/5/1705.pdf</a> |
| Public note | Full Text Article |
| 942 ## - ADDED ENTRY ELEMENTS (KOHA) | |
| Koha item type | Articles |
| Source of classification or shelving scheme | Library of Congress Classification |
No items available.